Don't limit God!; (Record no. 2795)
[ view plain ]
| 000 -LEADER | |
|---|---|
| fixed length control field | 00480nam a22001577a 4500 |
| 005 - DATE AND TIME OF LATEST TRANSACTION | |
| control field | 20181018164824.0 |
| 008 - FIXED-LENGTH DATA ELEMENTS--GENERAL INFORMATION | |
| fixed length control field | 181018b ||||| |||| 00| 0 eng d |
| 040 ## - CATALOGING SOURCE | |
| Transcribing agency | DLC |
| 082 ## - DEWEY DECIMAL CLASSIFICATION NUMBER | |
| Classification number | 248.2 |
| Item number | H945D |
| 100 ## - MAIN ENTRY--PERSONAL NAME | |
| Personal name | Hunter, Charles & Frances |
| 245 ## - TITLE STATEMENT | |
| Title | Don't limit God!; |
| Remainder of title | the story of Gene Lilly |
| Statement of responsibility, etc. | Charles & Frances Hunter |
| 260 ## - PUBLICATION, DISTRIBUTION, ETC. | |
| Place of publication, distribution, etc. | Texas |
| Name of publisher, distributor, etc. | Hunter Ministries Publishing Company |
| Date of publication, distribution, etc. | 1976 |
| 300 ## - PHYSICAL DESCRIPTION | |
| Extent | 101p,; |
| 650 ## - SUBJECT ADDED ENTRY--TOPICAL TERM | |
| Topical term or geographic name entry element | Multiple sclerosis--Patients |
| General subdivision | Diabetes |
| 942 ## - ADDED ENTRY ELEMENTS (KOHA) | |
| Source of classification or shelving scheme | Dewey Decimal Classification |
| Koha item type | Books |
| Withdrawn status | Lost status | Source of classification or shelving scheme | Damaged status | Not for loan | Collection code | Home library | Current library | Shelving location | Date acquired | Cost, normal purchase price | Total Checkouts | Full call number | Barcode | Date last seen | Price effective from | Koha item type |
|---|---|---|---|---|---|---|---|---|---|---|---|---|---|---|---|---|
| Dewey Decimal Classification | Non-fiction | Harvest Mission College | Harvest Mission College | General Stacks | 18.10.2018 | 140.00 | 248.2 H945D | 001573 | 18.10.2018 | 18.10.2018 | Books | |||||
| Dewey Decimal Classification | Non-fiction | Harvest Mission College | Harvest Mission College | General Stacks | 04.03.2021 | 140.00 | 248.2 H945D | 012541 | 03.08.2021 | 18.10.2018 | Books |
